Radiology of orthopedic procedures, problems, and complications / (Record no. 4086)
[ view plain ]
| 000 -LEADER | |
|---|---|
| fixed length control field | 00659cam a2200205 a 4500 |
| 001 - CONTROL NUMBER | |
| control field | 950916 |
| 005 - DATE AND TIME OF LATEST TRANSACTION | |
| control field | 20250221202141.0 |
| 008 - FIXED-LENGTH DATA ELEMENTS--GENERAL INFORMATION | |
| fixed length control field | 840309s1984 paua b 001 0 eng |
| 020 ## - INTERNATIONAL STANDARD BOOK NUMBER | |
| International Standard Book Number | 0721640796 |
| 050 10 - LIBRARY OF CONGRESS CALL NUMBER | |
| Classification number | RD734.5.R33 |
| Item number | G44 1984 |
| 082 00 - DEWEY DECIMAL CLASSIFICATION NUMBER | |
| Classification number | 617/.3 |
| Edition information | 19 |
| 100 1# - MAIN ENTRY--PERSONAL NAME | |
| Personal name | Gelman, Martin I. |
| 245 10 - TITLE STATEMENT | |
| Title | Radiology of orthopedic procedures, problems, and complications / |
| Statement of responsibility, etc. | Martin I. Gelman. |
| 260 ## - PUBLICATION, DISTRIBUTION, ETC. | |
| Place of publication, distribution, etc. | Philadelphia : |
| Name of publisher, distributor, etc. | W.B. Saunders, |
| Date of publication, distribution, etc. | 1984. |
| 300 ## - PHYSICAL DESCRIPTION | |
| Extent | 196 p. : |
| Other physical details | ill. ; |
| Dimensions | 27 cm. |
| 440 #0 - SERIES STATEMENT/ADDED ENTRY--TITLE | |
| Title | Saunders monographs in clinical radiology ; |
| Volume/sequential designation | v. 24 |
| 650 #0 - SUBJECT ADDED ENTRY--TOPICAL TERM | |
| Topical term or geographic name entry element | Radiography in orthopedics. |
| 650 #2 - SUBJECT ADDED ENTRY--TOPICAL TERM | |
| Topical term or geographic name entry element | Bone and bones |
| General subdivision | Radiography. |
| 942 ## - ADDED ENTRY ELEMENTS (KOHA) | |
| Source of classification or shelving scheme | Library of Congress Classification |
| Koha item type | Books |
| Suppress in OPAC | No |
| 999 ## - | |
| -- | 4086 |
| -- | 4086 |
| Withdrawn status | Lost status | Source of classification or shelving scheme | Damaged status | Not for loan | Collection | Home library | Current library | Shelving location | Date acquired | Total checkouts | Full call number | Barcode | Date last seen | Copy number | Price effective from | Koha item type |
|---|---|---|---|---|---|---|---|---|---|---|---|---|---|---|---|---|
| Library of Congress Classification | Non-fiction | Science Library (Miotso) | Science Library (Miotso) | General stacks | 02/21/2025 | RD734.5 .R33G44 GEL | SLM00003550 | 02/21/2025 | 1 | 02/21/2025 | Books |